| 000 | 00588nam a2200169Ia 4500 | ||
|---|---|---|---|
| 003 | GCL | ||
| 005 | 20240530105036.0 | ||
| 008 | 140319s9999 xx 000 0 ara d | ||
| 040 |
_aGCL / _cGCL |
||
| 082 | 0 | 4 |
_a511.3 _bم ج |
| 100 | 1 | _aمحمد محمد قاسم | |
| 245 | 1 | 0 |
_aجوتلوب فريجة : _bنظرية الاعداد بين الابستمولوجيا والانطولوجيا / _cمحمد محمد قاسم . |
| 260 |
_a[S.N] : _bدار المعرفة الجامعية |
||
| 490 |
_aفلاسفة العلم _v0 |
||
| 650 | 0 | 4 | _aالمنطق الرمزي |
| 942 |
_2ddc _cBK |
||
| 999 |
_c52709 _d52709 |
||